Gaming Quiz

Random Gaming or Video Games Quiz

Suikoden II Stars of Destiny Quiz Stats

 Plays Quiz not verified by Sporcle

Challenge
Share
Tweet
Embed
Score 0/111 Timer 12:00
0 Plays Today
Star Character % Correct
TenkaiRiou
96.1%
TenjyuNanami
95.5%
TenanFlik
92.1%
TenkoViktor
91.8%
TenkiShu
88.4%
ChimaMukumuku
87.1%
ChifukuApple
85%
TenkenRina
84.7%
ChitanGengen
84%
TenzaiEilie
83.5%
ChitaiShiro
82.8%
TenkouChaco
81.2%
ChiketsuJeane
80.9%
TenpaiBolgan
80.7%
ChikiCamus
80.6%
Tensyo*Valeria
80.3%
Chikyu*Kasumi
80.3%
TensyoClive
80.2%
TenkaiLuc
79.7%
ChisinKinnison
79.5%
ChibiFutch
79.5%
ChidoSid
79.4%
Tengou*Ridley Wizen
79.3%
TenyuHumphrey Mintz
79.2%
ChimouMiklotov
79.1%
ChikuMillie
79%
TenkiTeresa Wisemail
78.5%
ChikeiMeg
77.8%
TensuiTengaar
77.7%
ChijyuTuta
77.6%
TeniPesmerga
77.4%
ChianRikimaru
76.9%
TenrouHix
76.9%
TenfuNina
76.9%
TenyuTsai
76.6%
ChitatsuViki
76.6%
TenheiTai Ho
76.5%
Star Character % Correct
TensatsuHanna
76.1%
ChisyunGadget
75.8%
TensonYam Koo
75.5%
TenbouFreed Yamamoto
75.4%
TenkokuYoshino Yamamoto
74.9%
ChisatsuShin
74.8%
Tenman*/Tentai*Sigfried
74.4%
TeneiSierra Mikain
74.2%
ChimouTempleton
73.5%
ChisonBarbara
73.3%
ChikyouSasuke
73.2%
TeniGeorg Prime
73%
ChikatsuLorelai
72.9%
Tenman*Feather
72.5%
ChikaiKlaus Windamier
71.8%
ChisyuZamza
71.6%
ChisouAyda
71.5%
ChihiLeona
71.5%
ChizenMazus
71.2%
ChiyuRichmond
71.1%
TenbiKilley
70.6%
ChiinHilda
70.4%
TensokuStallion
70.3%
ChiyuWakaba
70.3%
TenmouKiba Windamier
70.3%
ChimeiSheena
70.3%
ChizouHai Yo
69.8%
ChikakuGabocha
69.6%
ChireiHuan
69.3%
ChiisaAlex
69.1%
TenkyuAnita
68.6%
ChiakuOulan
68.4%
ChikeiBob
67.8%
Chikyu*/Tensyo*Tomo
67.4%
ChiheiKahn Marley
66.9%
ChikouMondo
66.9%
ChikaiSimone Verdricci
66%
Star Character % Correct
ChimanAmada
65.7%
ChihiLong Chan Chan
65.6%
ChichinVincent de Boule
64.3%
Tengou*Boris Wizen
62.9%
ChisuiEmilia
62.7%
ChizenTaki
62.4%
Tenman*/Tentai*Abizboah
62%
ChikouGordon
61.8%
TenkuJess
61.4%
ChiyuHans
61.3%
ChisyuShilo
61.2%
ChizikuGantetsu
61.2%
ChisouAdlai
61.2%
TenyuHauser
61%
ChiiLo Wen
60.9%
ChisyuYuzu
59.2%
ChiinKaren
59.2%
ChitouTony
58.8%
ChiretsuPico
58.8%
ChirakuAnnallee
58.5%
ChizokuHoi
58.1%
ChiyuTetsu
57.8%
ChieiGenshu
57.4%
ChisaConnell
55.7%
TenritsuFitcher
55.2%
ChibakuBadeaux
55.2%
ChisokuKoyu
55.2%
ChibunJude
55.2%
ChiiMaximillian
54.9%
ChikouRaura
54.7%
ChikoTessai
54.6%
ChisatsuGilbert
54.5%
ChikyouGijimu
54.3%
ChikenAlberto
53.4%
ChiyuMarlowe Cody
53.3%
ChiseiLebrante
49.4%
ChiriTenkou
44.8%

You're not logged in!

Compare scores with friends on all Sporcle quizzes.
OR
Log In

You Might Also Like...

Show Comments

Extras

Top Quizzes Today


Score Distribution

Your Account Isn't Verified!

In order to create a playlist on Sporcle, you need to verify the email address you used during registration. Go to your Sporcle Settings to finish the process.

Report this User

Report this user for behavior that violates our Community Guidelines.

Details: